ប៊ុនឈៀនស្តាយក្រោយ / (Record no. 4462)
[ view plain ]
| 000 -LEADER | |
|---|---|
| fixed length control field | 02378nam a22003257a 4500 |
| 001 - CONTROL NUMBER | |
| control field | 4462 |
| 003 - CONTROL NUMBER IDENTIFIER | |
| control field | FISKH |
| 005 - DATE AND TIME OF LATEST TRANSACTION | |
| control field | 20240911161816.0 |
| 008 - FIXED-LENGTH DATA ELEMENTS--GENERAL INFORMATION | |
| fixed length control field | 240911b cb ||||| |||| 00| 0 eng d |
| 020 ## - INTERNATIONAL STANDARD BOOK NUMBER | |
| International Standard Book Number | 9789995001810 |
| 040 ## - CATALOGING SOURCE | |
| Original cataloging agency | FISKH |
| Language of cataloging | Khmer |
| Transcribing agency | FISKH |
| Modifying agency | FISKH |
| 050 ## - LIBRARY OF CONGRESS CALL NUMBER | |
| Classification number | PZ7 |
| 082 ## - DEWEY DECIMAL CLASSIFICATION NUMBER | |
| Classification number | 800 |
| 100 ## - MAIN ENTRY--PERSONAL NAME | |
| Personal name | Sakrolet , Chhim |
| Relator term | author |
| 245 ## - TITLE STATEMENT | |
| Title | ប៊ុនឈៀនស្តាយក្រោយ / |
| Statement of responsibility, etc. | by Chhim Sakrolet |
| 250 ## - EDITION STATEMENT | |
| Edition statement | បោះពុម្ពលើកទី១ឆ្នាំ២០១៣ |
| 260 ## - PUBLICATION, DISTRIBUTION, ETC. | |
| Place of publication, distribution, etc. | ភ្នំពេញ : |
| Name of publisher, distributor, etc. | គ្រឺះស្ថានបោះពុម្ពនិងចែកផ្សាយ ( គ ប ច ) ; |
| Date of publication, distribution, etc. | 2013 . |
| 300 ## - PHYSICAL DESCRIPTION | |
| Extent | 16 pages : |
| Other physical details | color illustrations; |
| Dimensions | 18 cm . |
| 490 ## - SERIES STATEMENT | |
| Series statement | រឿងនិទានអប់រំសម្រាប់កុមារ |
| 505 ## - FORMATTED CONTENTS NOTE | |
| Formatted contents note | O <br/> |
| 520 ## - SUMMARY, ETC. | |
| Summary, etc. | ប៊ុនឈៀនជាកូនចៅរបស់ត្រកូលខ្ពស់ដែលមានការអប់រំតឺងរឺងបំផុត ។ វាជាកុមារសុភាពរាបសា មិនចេះនិយាយស្តី តែវាឆេវឆាវបន្តិច ។ ដោយសារការខកចិត្តនឺងលទ្ធផលប្រលងឆមាស ប៊ុនឈៀនបានទាត់បំផ្លាញដំណាំ ។ សិស្សដែលបានឃើញហេតុការណ៏ក៏រត់ទៅប្រាប់លោកគ្រូ ។ លោកគ្រូក៏បានណែនាំវា ។ ពេលចេញទៅផ្ទះវាក៏នឺកស្តាយក្រោយហើយក៏បានតូចចិត្តជាខ្លាំង ។ |
| 520 ## - SUMMARY, ETC. | |
| Summary, etc. | Bun Chhean is a descendant of a highly educated family. He was a gentle boy who could not talk, but he was a little angry. Disappointed with the results of the semester, Bun Chhean kicked the crop.The students who saw the incident ran to tell the teacher. The teacher also introduced it. When he went home, he regretted it and was very upset. |
| 521 8# - TARGET AUDIENCE NOTE | |
| Target audience note | 600 <br/> |
| Source | Lexile estimate <br/> |
| 521 8# - TARGET AUDIENCE NOTE | |
| Target audience note | O <br/> |
| Source | Raz-Plus <br/> |
| 650 ## - SUBJECT ADDED ENTRY--TOPICAL TERM | |
| Topical term or geographic name entry element | ប៊ុនឈៀន |
| Form subdivision | រឿងនិទានអប់រំ |
| 650 ## - SUBJECT ADDED ENTRY--TOPICAL TERM | |
| Topical term or geographic name entry element | Bunchhean |
| Form subdivision | Educational stories |
| 700 ## - ADDED ENTRY--PERSONAL NAME | |
| Personal name | Sak, Mai |
| Relator term | Artist |
| 942 ## - ADDED ENTRY ELEMENTS (KOHA) | |
| Source of classification or shelving scheme | Dewey Decimal Classification |
| Koha item type | Khmer Books |
| Suppress in OPAC | No |
| Withdrawn status | Lost status | Source of classification or shelving scheme | Damaged status | Not for loan | Collection | Home library | Current library | Shelving location | Date acquired | Total Checkouts | Full call number | Barcode | Date last seen | Copy number | Price effective from | Koha item type |
|---|---|---|---|---|---|---|---|---|---|---|---|---|---|---|---|---|
| Dewey Decimal Classification | Khmer Language Books / សៀវភៅភាសាខ្មែរ | Footprints International School Library Network Toul Tom Poung Campus | Footprints International School Library Network Toul Tom Poung Campus | TTP Primary Khmer Bookshelves | 09/11/2024 | SAK PZ7 800 | FIS01826 | 05/26/2025 | 1 | 09/11/2024 | Khmer Books | |||||
| Dewey Decimal Classification | Khmer Language Books / សៀវភៅភាសាខ្មែរ | Footprints International School Library Network Toul Tom Poung Campus | Footprints International School Library Network Toul Tom Poung Campus | TTP Primary Khmer Bookshelves | 12/12/2025 | SAK PZ7 800 | FIS01768 | 12/12/2025 | 2 | 12/12/2025 | Khmer Books |
